IFRS 3 Podnikové kombinácie, prezentácia a navrhované zmeny

Účtovanie podnikových kombinácií. Charakteristika jednotlivých fáz Projektu podnikových financií. Cieľ IFRS 3. Popis navrhovaných zmien IFRS 3.

Saved in:
Bibliographic Details
Main Author: Parišová, Renáta, 1977-
Format: Book Chapter
Language:Slovak
Subjects:
Tags: Add Tag
No Tags, Be the first to tag this record!

MARC

LEADER 00000naa$a2200000$$$4500
001 0057517
005 20240502071641.0
041 0 |a slo 
044 |a SK 
245 1 0 |a IFRS 3 Podnikové kombinácie, prezentácia a navrhované zmeny  |c Renáta Parišová 
520 |a Účtovanie podnikových kombinácií. Charakteristika jednotlivých fáz Projektu podnikových financií. Cieľ IFRS 3. Popis navrhovaných zmien IFRS 3. 
610 2 0 |a IFRS 
610 2 0 |a kombinácie podnikové 
610 2 0 |a účtovanie 
610 2 0 |a projekty 
100 1 |a Parišová, Renáta, 1977-